| 000 | 00657nam a2200193Ia 4500 | ||
|---|---|---|---|
| 003 | GCL | ||
| 005 | 20240530110152.0 | ||
| 008 | 140319s9999 xx 000 0 ara d | ||
| 040 |
_aGCL / _cGCL |
||
| 082 | 0 | 4 |
_a909 _bا ز |
| 100 | 1 | _aابن محمود الكرديرى، ابو سعيد | |
| 245 | 1 | 0 |
_aزين الاخبار / _cابن محمود الكرديرى، ابو سعيد |
| 260 |
_a[S.N] : _bالمجلس الاعلى للثقافة، _c2006 |
||
| 300 |
_a541 ص.؛ _c24 سم. |
||
| 650 | 0 | 4 | _aالادب الفارسى |
| 650 | 0 | 4 | _aالانساب والاعراق |
| 700 | 1 |
_aعفاف السيد زيدان _eمترجم |
|
| 942 |
_2ddc _cBK |
||
| 999 |
_c59138 _d59138 |
||